000
00216 a2200097 4500
001
48836
100
_a
Reid
245
_a
Military strategy in changing Europe
260
_a
Londan
_b
Brasseys
_c
090
_c
31732
_d
31732
942
_a
NUST-CAE
_c
_c
24150
999
_c
283909
_d
283909